000 00568nam a2200193 i 4500
001 35602
003 ES-MaACL
005 20250618142456.0
007 t|
008 030213s1902 xxk ||||1| eng d
080 _a75 Rembrandt Harmenszoon van Rijh
100 1 _aBréal, Auguste.
_931535
245 1 0 _aRembrandt
_b: a critical essay /
_cby Auguste Bréal.
260 _aLondon :
_bDuckworth,
_c[1902]
300 _aXXIV, 168 p. ;
_c15 cm.
600 0 4 _aRembrandt Harmenszoon van Rijn,
_d1606-1669
_996120
852 _aES-MaACL
_jF-466
999 _c35602
_d35602